=LDR 00000nam 2200000 4500 =001 INLIS000000000034780 =005 20140417151729.0 =006 =007 =008 ind =035 ##$$a 0010-061300000034780 =041 ##$$a ind =082 ##$$a 028.55 =090 ##$$a 028.55, Yul p =100 ##$$a Yulianty, Rani =245 ##$$a Plants, Aneka rupa tumbuhan, Rani Yulianty =260 ##$$a 2008 $b Bandung =300 ##$$a 20 hlm, Ilus, 26 cm =650 ##$$a Bacaan Kanak-Kanak =850 ##$$a NBPNMAT